<?xml version="1.0" encoding="UTF-8"?>
<record
    xmlns:xsi="http://www.w3.org/2001/XMLSchema-instance"
    xsi:schemaLocation="http://www.loc.gov/MARC21/slim http://www.loc.gov/standards/marcxml/schema/MARC21slim.xsd"
    xmlns="http://www.loc.gov/MARC21/slim">

  <leader>00321pam a2200145 a 4500</leader>
  <datafield tag="020" ind1=" " ind2=" ">
    <subfield code="c"></subfield>
  </datafield>
  <datafield tag="040" ind1=" " ind2=" ">
    <subfield code="a">ANML_608002</subfield>
  </datafield>
  <datafield tag="041" ind1=" " ind2=" ">
    <subfield code="a">eng</subfield>
  </datafield>
  <datafield tag="082" ind1=" " ind2=" ">
    <subfield code="a">823.92</subfield>
    <subfield code="b">SIN</subfield>
  </datafield>
  <datafield tag="100" ind1=" " ind2=" ">
    <subfield code="a">Khushwant Singh</subfield>
  </datafield>
  <datafield tag="245" ind1=" " ind2=" ">
    <subfield code="a">TRAIN TO PAKISTAN</subfield>
    <subfield code="h">Textual Documents</subfield>
  </datafield>
  <datafield tag="260" ind1=" " ind2=" ">
    <subfield code="a">[S.l.]</subfield>
    <subfield code="b">Abradale Press</subfield>
    <subfield code="c">1994</subfield>
  </datafield>
  <datafield tag="504" ind1=" " ind2=" ">
    <subfield code="a">Books</subfield>
  </datafield>
  <datafield tag="930" ind1=" " ind2=" ">
    <subfield code="a">5172</subfield>
  </datafield>
  <datafield tag="999" ind1=" " ind2=" ">
    <subfield code="c">82088</subfield>
    <subfield code="d">82088</subfield>
  </datafield>
  <datafield tag="952" ind1=" " ind2=" ">
    <subfield code="0">0</subfield>
    <subfield code="1">0</subfield>
    <subfield code="4">0</subfield>
    <subfield code="7">0</subfield>
    <subfield code="8">General </subfield>
    <subfield code="a">YMP</subfield>
    <subfield code="b">YMP</subfield>
    <subfield code="d">2021-04-28</subfield>
    <subfield code="e">Diamond Publication</subfield>
    <subfield code="g">65.00</subfield>
    <subfield code="l">0</subfield>
    <subfield code="o">823.92 SIN</subfield>
    <subfield code="p">YMP-34428</subfield>
    <subfield code="r">2023-02-24 00:00:00</subfield>
    <subfield code="t">1</subfield>
    <subfield code="w">2023-02-24</subfield>
    <subfield code="y">BK</subfield>
  </datafield>
</record>
